000 00411nam a2200205Ia 4500
001 000963
003 YMCAF
005 20230512160042.0
008 100717s1971 ||||||||||||||||| ||und|d
024 _a963
035 _a945
040 _aYMCAF
_beng
_cIN-KoLT
041 _aeng
082 _aELE-WIL11
100 _aWILAM G.E.
245 0 _aELEC ENGG.
260 _c1971
300 _a132
942 _2ddc
_cBK
999 _c767
_d767